logo

Bir Sreshtho Munshi Abdur Rouf Library
Jhenaidah Cadet College

রহস্য রোমাঞ্চ গল্প / (Record no. 2433)

MARC details
000 -LEADER
fixed length control field 00717nam a2200229 a 4500
001 - CONTROL NUMBER
JCCL Control Number 2433
003 - CONTROL NUMBER IDENTIFIER
JCCL marc code BD-JhCC
005 - DATE AND TIME OF LATEST TRANSACTION
control field 20171106172233.0
008 - FIXED-LENGTH DATA ELEMENTS--GENERAL INFORMATION
fixed length control field 171102s2013 bg |||| |||| 000 0 ben d
020 ## - INTERNATIONAL STANDARD BOOK NUMBER
International Standard Book Number 98482422734
035 ## - SYSTEM CONTROL NUMBER
system control number (BD-JhCC)2433
040 ## - CATALOGING SOURCE
Original cataloging agency BD-JhCC
Modifying agency BD-JhCC
041 ## - LANGUAGE CODE
Language code of Book ben
082 ## - DEWEY DECIMAL CLASSIFICATION NUMBER
Classification number 891.4435
Author mark and Year RAH 2013
245 ## - TITLE STATEMENT
Title রহস্য রোমাঞ্চ গল্প /
Statement of responsibility, etc ইমদাদুল হক মিলন
260 ## - PUBLICATION, DISTRIBUTION, ETC. (IMPRINT)
Place of publication, distribution, etc ঢাকা :
Name of publisher, distributor, etc জোনাকী প্রকাশনী,
Date of publication, distribution, etc ২০১৩.
300 ## - PHYSICAL DESCRIPTION
Pagination ৫১০ পৃ. :
Dimensions ২১ সেমি.
650 ## - SUBJECT ADDED ENTRY--TOPICAL TERM
Topical term or geographic name as entry element Short stories
700 ## - ADDED ENTRY--PERSONAL NAME
Personal name মিলন, ইমদাদুল হক
942 ## - ADDED ENTRY ELEMENTS (KOHA)
Source of classification or shelving scheme Dewey Decimal Classification
Koha item type Books
Holdings
Source of classification or shelving scheme Damaged status Not for loan Home library Current library Shelving location Date of accession Cost, normal purchase price Total Checkouts Full call number Barcode Date last seen Copy number Koha item type
Dewey Decimal Classification     JCC Rouf Library JCC Rouf Library General Stacks 11/02/2017 400.00   891.4435 RAH 2013 3643 11/02/2017 C-1 Books

JCC Library | Contacts | JCC Home

Last Update on 23 September 2017
Copyright @ 2017-2020 JCC Rouf Library
Rouf Library, Jhenidah Cadet College (JCC), Bangladesh